00755cam a2200253 a 4500001001000000003000900010005001700019007000300036008004100039020001500080040002500095082001800120100003200138245003100170260003300201300002100234590002800255650003100283650003500314910000700349942001400356952011600370999001500486000004091DO-SdBNP20220215101402.0ta761220s1977 sp 000 f spa d a0440043182 aDO-SdBNPbspacBNPHU a813.54bB118i1 aBach, Richard,b1936-9322510aIlusiones /cRichard Bach. aBarcelona :bPomaire,c1977. a140 p. ;c21 cm. aInventariado, 2022 / DG 4aNovela estadounidense9262 4aLiteratura estadounidense9263 aDG 2ddccLBS1 00102ddc56708MOaBNPHUbGRcHDd2009-07-16l0oBNPHU GR 813.54 B118ip4091-10r2020-06-25w2020-06-25yLBS1 c3909d3909